Oriente y occidente (Record no. 10017)

MARC details
000 -CABECERA
campo de control de longitud fija 00791nam a2200265 a 4500
001 - NÚMERO DE CONTROL
campo de control BRL_1205
005 - FECHA Y HORA DE LA ÚLTIMA TRANSACCIÓN
campo de control 20190320211101.0
008 - DATOS DE LONGITUD FIJA--INFORMACIÓN GENERAL
campo de control de longitud fija 281113s1975----sp-ao#####---#000-0#spa-#
020 ## - NÚMERO INTERNACIONAL ESTÁNDAR DEL LIBRO
Número Internacional Estándar del Libro 8434574349
041 ## - CÓDIGO DE LENGUA
Código de lengua del texto/banda sonora o título independiente spa
044 ## - CÓDIGO DEL PAÍS DE LA ENTIDAD EDITORA/PRODUCTORA
Código MARC del país sp
050 #4 - SIGNATURA TOPOGRÁFICA DE LA BIBLIOTECA DEL CONGRESO
Número de clasificación CB251
Número de documento/Ítem .O75 1975
245 10 - MENCIÓN DE TÍTULO
Título Oriente y occidente
Mención de responsabilidad, etc. Personalidad Entrevistada: Joseph Needham ; Texto: Jean R. Riviere.
260 ## - PUBLICACIÓN, DISTRIBUCIÓN, ETC.
Lugar de publicación, distribución, etc. Barcelona
Nombre del editor, distribuidor, etc. Salvat Editores
Fecha de publicación, distribución, etc. 1975
300 ## - DESCRIPCIÓN FÍSICA
Extensión 141 p.
Otras características físicas il.
Dimensiones 20 cm.
440 #0 - MENCIÓN DE SERIE/PUNTO DE ACCESO ADICIONAL--TÍTULO
Título Biblioteca salvat de grandes temas
Designación de volumen o secuencia 76
9 (RLIN) 26109
500 ## - NOTA GENERAL
Nota general Au1391
650 14 - PUNTO DE ACCESO ADICIONAL DE MATERIA--TÉRMINO DE MATERIA
Término de materia o nombre geográfico como elemento de entrada Oriente y occidente
9 (RLIN) 11149
650 14 - PUNTO DE ACCESO ADICIONAL DE MATERIA--TÉRMINO DE MATERIA
Término de materia o nombre geográfico como elemento de entrada Civilización oriental
9 (RLIN) 26110
650 14 - PUNTO DE ACCESO ADICIONAL DE MATERIA--TÉRMINO DE MATERIA
Término de materia o nombre geográfico como elemento de entrada Civilización occidental
9 (RLIN) 26111
700 1# - PUNTO DE ACCESO ADICIONAL--NOMBRE DE PERSONA
Nombre de persona Needham, Joseph
9 (RLIN) 26112
700 1# - PUNTO DE ACCESO ADICIONAL--NOMBRE DE PERSONA
Nombre de persona Riviere, Jean R.
9 (RLIN) 26113
902 ## - CATALOGADOR
Iniciales GRL
942 ## - ELEMENTOS DE PUNTO DE ACCESO ADICIONAL (KOHA)
Fuente del sistema de clasificación o colocación Library of Congress Classification
Tipo de ítem Koha Libros
Holdings
Estado de retiro Estado de pérdida Estado dañado No para préstamo Localización permanente Ubicación/localización actual Fecha de adquisición Número de inventario Total de préstamos Signatura topográfica completa Código de barras Fecha visto por última vez Precio válido a partir de Tipo de ítem Koha
El ejemplar forma parte de la colección y puede ser consultado según las políticas vigentes.       Biblioteca Centro de Estudios Ruth D. Lechuga Biblioteca Centro de Estudios Ruth D. Lechuga 28/11/2013 Au1391   CB251 .O75 1975 (Au1391) GRL01322 22/03/2019 22/03/2019 Libros